The homebuilding and renovating book of barn conversions (Record no. 106084)

MARC details
000 -LEADER
fixed length control field 00906cam a2200229 4500
001 - CONTROL NUMBER
control field L135513
008 - FIXED-LENGTH DATA ELEMENTS--GENERAL INFORMATION
fixed length control field 061103n2006 000 0 eng u
020 ## - INTERNATIONAL STANDARD BOOK NUMBER
International Standard Book Number 9780954867485
035 ## - SYSTEM CONTROL NUMBER
System control number (Sirsi) u135513
041 0# - LANGUAGE CODE
Language code of text/sound track or separate title eng
050 04 - LIBRARY OF CONGRESS CALL NUMBER
Classification number 690.231 $2 18
110 2# - MAIN ENTRY--CORPORATE NAME
Corporate name or jurisdiction name as entry element Homebuilding and Renovating Magazine
9 (RLIN) 5221
245 04 - TITLE STATEMENT
Title The homebuilding and renovating book of barn conversions
250 ## - EDITION STATEMENT
Edition statement 2nd ed.
260 ## - PUBLICATION, DISTRIBUTION, ETC.
Place of publication, distribution, etc. Cambridgeshire
Name of publisher, distributor, etc. Ovolo
Date of publication, distribution, etc. 2006
300 ## - PHYSICAL DESCRIPTION
Extent 297p
Other physical details ill.
Dimensions 25cm.
350 ## - PRICE (NR) (BK AM CF MU VM SE) [OBSOLETE]
Price 25
520 ## - SUMMARY, ETC.
Summary, etc. Contains details of 37 barn conversion projects with full costing and contact details of suppliers and craftsmen for each project. Covers designs which are classic, rustic and contemporary as well as designs for locations from urban to country homes.
651 #4 - SUBJECT ADDED ENTRY--GEOGRAPHIC NAME
Geographic name United Kingdom
Chronological subdivision
690 ## - LOCAL SUBJECT ADDED ENTRY--TOPICAL TERM (OCLC, RLIN)
Topical term or geographic name as entry element BUILT ENVIRONMENT-BUILDING MAINTENANCE AND REFURBISHMENT-BUILDING ADAPTATION
942 ## - ADDED ENTRY ELEMENTS (KOHA)
Suppress in OPAC 0
Holdings
Withdrawn status Lost status Source of classification or shelving scheme Damaged status Not for loan Home library Current library Shelving location Date acquired Cost, normal purchase price Total Checkouts Full call number Barcode Date last seen Date last checked out Copy number Cost, replacement price Price effective from Koha item type
    Dewey Decimal Classification     London London Books 02/02/2007 25.00 9 690.231 HOM 30070100 06/08/2019 01/08/2008 1 25.00 06/08/2019 Book